Conference of the Institute of Economic Research of the Slovak Academy of Sciences and the Economics and Management Institute of the University of Economics in Bratislava

Informácia z konferencie Ekonomického ústavu SAV a Ústavu Ekonómie a manažmentu Ekonomickej univerzity v Bratislave, ktorá sa konala 29.11. 2018.

Salvato in:
Dettagli Bibliografici
Autore principale: Gonda, Vladimír
Altri autori: Adamovský, Peter, 1990-
Natura: Capitolo di libro
Lingua:inglese
Soggetti:
Tags: Aggiungi Tag
Nessun Tag, puoi essere il primo ad aggiungerne!!

MARC

LEADER 00000naa a2200000 4500
001 0250914
005 20240612122414.4
041 0 |a eng 
044 |a SK 
245 1 0 |a Conference of the Institute of Economic Research of the Slovak Academy of Sciences and the Economics and Management Institute of the University of Economics in Bratislava  |c Vladimír Gonda, Peter Adamovský 
520 |a Informácia z konferencie Ekonomického ústavu SAV a Ústavu Ekonómie a manažmentu Ekonomickej univerzity v Bratislave, ktorá sa konala 29.11. 2018. 
610 2 0 |a konferencie 
610 2 0 |a veda ekonomická 
610 2 0 |a spolupráca vedecká medzinárodná 
610 2 0 |a globalizácia 
610 2 0 |a hospodárstvo svetové 
610 2 0 |a prognózy hospodárske medzinárodné 
100 1 |a Gonda, Vladimír 
700 1 |a Adamovský, Peter, 1990-